[Event "OGOLNOPOLSKA OLIMPIADA MLODZIEZY<br/>MISTRZOSTWA POLSKI JUNIOROW 2016 - D12"]
[Site "Olecko"]
[Date "2016-05-07"]
[Round "5.5"]
[White "Zarebska, Lena"]
[Black "Mirowska, Oliwia"]
[Result "0-1"]
[WhiteTitle "I"]
[BlackTitle "I+"]
[WhiteElo "1452"]
[BlackElo "1244"]

1. e4 c5 2. Nf3 e6 3. d4 cxd4 4. Nxd4 a6 5. Bd3 Qc7 6. O-O Nf6 7. Nc3 Nc6 8. Nb3
Bd6 9. f4 e5 10. f5 h6 11. Be3 b5 12. a3 Bb7 13. h3 O-O 14. Qd2 Kh7 15. Qf2 Be7
16. Rfd1 Nb8 17. Kh2 d5 18. Bb6 Qc8 19. Nxd5 Nxd5 20. exd5 Bd6 21. Be4 Nd7 22.
Be3 Nf6 23. Qh4 Qd8 24. Kh1 Be7 25. Bf3 Bd6 26. Nc5 Bc8 27. g4 e4 28. Nxe4 Nxe4
29. g5 Ng3+ 30. Kg2 Nxf5 31. Be4 Kg8 32. Bxf5 Bxf5 33. Rf1 Bg6 34. Qg4 hxg5 35.
Bxg5 Be7 36. Be3 Qxd5+ 37. Kg1 Bc5 38. Bxc5 Qxc5+ 39. Kh2 Qxc2+ 40. Kg1 Rad8 41.
Rf2 Qc5 42. Raf1 Rd2 43. Kg2 Rxf2+ 44. Rxf2 Qc6+ 45. Kg1 Rd8 46. h4 Qc5 47. Kg2
Rd4 48. Qg3 Bh5 49. Kh1 Rg4 0-1

[Event "OGOLNOPOLSKA OLIMPIADA MLODZIEZY<br/>MISTRZOSTWA POLSKI JUNIOROW 2016 - D12"]
[Site "Olecko"]
[Date "2016-05-07"]
[Round "5.6"]
[White "Czarnecka, Lidia"]
[Black "Mysliwiec, Natalia"]
[Result "1-0"]
[WhiteTitle "I"]
[BlackTitle "I"]
[WhiteElo "1512"]
[BlackElo "1374"]

1. e4 c5 2. Nf3 Nc6 3. d4 cxd4 4. Nxd4 g6 5. Nc3 Bg7 6. Be3 Nf6 7. Bc4 O-O 8. Bb3
d6 9. f3 Bd7 10. Qd2 Na5 11. g4 Rb8 12. h4 b5 13. h5 Nc4 14. Bxc4 bxc4 15. Rb1
Qa5 16. Nde2 Rb7 17. Kf2 Qc7 18. Nf4 Rfb8 19. Qc1 e6 20. Nfe2 e5 21. b3 Be6 22.
Qd2 cxb3 23. cxb3 Rd8 24. Rbc1 Qd7 25. hxg6 fxg6 26. g5 Ne8 27. Nd5 Bxd5 28. Qxd5+
Qf7 29. Rhd1 Qxd5 30. Rxd5 Nc7 31. Rd2 Ne6 32. Rc6 Rbd7 33. Rd5 Kf7 34. Nc3 Bf8
35. Nb5 Be7 36. Bxa7 Nxg5 37. Bb6 Ra8 38. a4 Rb8 39. Nxd6+ Bxd6 40. Rcxd6 Rxd6
41. Rxd6 Ke7 42. Bc5 Kf7 43. Rd7+ Kg8 44. b4 Nf7 45. a5 Nd8 46. Bb6 Nc6 47. b5
Nxa5 48. Bxa5 Rxb5 49. Bc3 h5 50. Re7 Kf8 51. Rxe5 Rxe5 52. Bxe5 Kf7 53. Kg3 g5
54. Bd4 Ke6 55. Be3 Kf6 56. Bxg5+ Kxg5 57. f4+ Kf6 58. Kh4 Ke6 59. Kxh5 Kf6 60.
f5 Ke5 61. Kg6 Kxe4 62. f6 Ke5 63. f7 Ke6 64. f8=Q Ke5 65. Qf6+ Kd5 66. Qe7 Kc6
67. Qe5 Kd7 68. Qf6 Kc7 69. Qe6 Kb7 70. Qd6 Kc8 71. Qe7 Kb8 72. Kf6 Kc8 73. Ke6
Kb8 74. Kd6 Ka8 75. Kc6 Kb8 76. Qb7# 1-0

[Event "OGOLNOPOLSKA OLIMPIADA MLODZIEZY<br/>MISTRZOSTWA POLSKI JUNIOROW 2016 - D12"]
[Site "Olecko"]
[Date "2016-05-07"]
[Round "5.7"]
[White "Krzyzosiak, Anna"]
[Black "Mucha, Marta"]
[Result "0-1"]
[WhiteTitle "I"]
[BlackTitle "I"]
[WhiteElo "1263"]
[BlackElo "1425"]

1. e4 d5 2. exd5 Qxd5 3. Nc3 Qd6 4. Nf3 Nf6 5. Bc4 c6 6. O-O Bg4 7. h3 Bh5 8. d3
e6 9. Re1 Be7 10. Qe2 Nbd7 11. Ne4 Nxe4 12. Qxe4 Nf6 13. Qe3 Nd5 14. Bxd5 Qxd5
15. Nd2 O-O 16. Ne4 Bg6 17. Qg3 Qa5 18. Bd2 Qb6 19. Bc3 Bb4 20. Bxb4 Qxb4 21.
Qe5 Rad8 22. Re3 Rd5 23. Qc3 Qb6 24. Rae1 Rfd8 25. Rg3 Qd4 26. Qxd4 Rxd4 27. Nc5
b6 28. Nb3 R4d5 29. Nd2 Rc5 30. Nc4 b5 31. Ne3 b4 32. Nc4 Rcd5 33. Re5 Rc8 34.
Rxd5 cxd5 35. Ne3 Kf8 36. Rg4 a5 37. a3 Rb8 38. Kf1 bxa3 39. bxa3 Rb1+ 40. Ke2
Bh5 41. Kd2 Bxg4 42. Nxg4 Ra1 43. c4 dxc4 44. dxc4 Rxa3 45. c5 Rb3 46. c6 Rb5
0-1

[Event "OGOLNOPOLSKA OLIMPIADA MLODZIEZY<br/>MISTRZOSTWA POLSKI JUNIOROW 2016 - D12"]
[Site "Olecko"]
[Date "2016-05-07"]
[Round "5.8"]
[White "Anyz, Monika"]
[Black "Chrobot, Patrycja"]
[Result "0-1"]
[WhiteTitle "I"]
[BlackTitle "I"]
[WhiteElo "1255"]
[BlackElo "1345"]

1. e4 c5 2. Nf3 e6 3. d4 cxd4 4. Nxd4 a6 5. Nc3 Qc7 6. Be2 b5 7. a3 Bb7 8. O-O
Nf6 9. Bf3 d6 10. Be3 Be7 11. Qd2 O-O 12. Nb3 Nbd7 13. Rad1 Ne5 14. Qe2 Nc4 15.
Rb1 Rfd8 16. Rfd1 Rd7 17. Bf4 Rad8 18. Nd2 Nb6 19. Nb3 Nc4 20. Nd2 Nb6 21. Nf1
e5 22. Bg3 Qc5 23. Ne3 g6 24. h3 Rc7 25. Rbc1 Nc4 26. Nxc4 Qxc4 27. Qxc4 Rxc4
28. Re1 Rdc8 29. Kf1 Rd4 30. Rcd1 Rcc4 31. Be2 Rxd1 32. Rxd1 Rd4 33. f3 Rxd1+
34. Bxd1 Nd7 35. Be2 Nc5 36. Ke1 Ne6 37. Kd2 Bg5+ 38. Kd1 Nf4 39. Bxf4 Bxf4 40.
Bd3 Kf8 41. Ne2 Be3 42. Nc3 Ke7 43. Nd5+ Bxd5 44. exd5 Kf6 45. Ke2 Bb6 46. a4
bxa4 47. Bxa6 Bc5 48. Bb5 a3 49. bxa3 Bxa3 50. Bd3 Bc5 51. c4 Kg5 52. g3 f5 53.
Kf1 h5 54. Kg2 h4 55. gxh4+ Kxh4 56. Bc2 Bb4 57. Bd3 Kg5 58. Kg3 Be1+ 59. Kg2
Kf4 60. Be2 Ke3 61. Bf1 g5 62. Kg1 Kxf3 63. Bd3 e4 64. Bf1 Kg3 65. c5 Bf2+ 66.
Kh1 Bxc5 67. h4 Kxh4 68. Be2 f4 69. Kg2 f3+ 70. Bxf3 exf3+ 71. Kxf3 Kh3 72. Ke2
g4 0-1

[Event "OGOLNOPOLSKA OLIMPIADA MLODZIEZY<br/>MISTRZOSTWA POLSKI JUNIOROW 2016 - D12"]
[Site "Olecko"]
[Date "2016-05-07"]
[Round "5.9"]
[White "Wojtas, Julia"]
[Black "Adamczyk, Zuzanna"]
[Result "1/2-1/2"]
[WhiteTitle "I"]
[BlackTitle "I"]
[WhiteElo "1274"]
[BlackElo "1642"]

1. e4 c5 2. Nf3 e6 3. d4 cxd4 4. Nxd4 Nf6 5. Nc3 Nc6 6. Be2 Qc7 7. O-O a6 8. Be3
d6 9. a4 Be7 10. f4 Nxd4 11. Bxd4 e5 12. Be3 Be6 13. Kh1 exf4 14. Rxf4 Rc8 15.
Bd3 h5 16. Qf1 Ng4 17. Bd4 Ne5 18. Rd1 Bg5 19. Bxe5 dxe5 20. Rf2 h4 21. Nd5 Qc6
22. Be2 f6 23. a5 Bxd5 24. exd5 Qd6 25. Bg4 Rc5 26. b4 Rxd5 27. Rxd5 Qxd5 28.
Bf3 Qd7 29. Qc4 f5 30. Qd5 e4 31. Qe5+ Kd8 32. Qb8+ Qc8 33. Qd6+ Qd7 34. Qb8+
Qc8 35. Qd6+ Qd7 36. Qb8+ Qc8 37. Qd6+ Qd7 38. Qb8+ Qc8 39. Qd6+ Qd7 40. Qb8+
Qc8 41. Qd6+ Qd7 1/2-1/2

[Event "OGOLNOPOLSKA OLIMPIADA MLODZIEZY<br/>MISTRZOSTWA POLSKI JUNIOROW 2016 - D12"]
[Site "Olecko"]
[Date "2016-05-07"]
[Round "5.10"]
[White "Dadello, Barbara"]
[Black "Pisarek, Elzbieta"]
[Result "0-1"]
[WhiteTitle "II+"]
[BlackTitle "I"]
[WhiteElo "1495"]
[BlackElo "1324"]

1. e4 d5 2. exd5 Qxd5 3. Nc3 Qd8 4. d4 Nf6 5. Bc4 a6 6. Nf3 b5 7. Be2 Bb7 8. Bf4
e6 9. a3 Be7 10. Qd2 O-O 11. O-O c5 12. Rad1 Nbd7 13. Ne5 Nxe5 14. Bxe5 cxd4 15.
Bxd4 Qc7 16. Qg5 h6 17. Be5 hxg5 18. Bxc7 Nd5 19. Nxd5 Bxd5 20. Bd3 Bf6 21. c3
Rac8 22. Bg3 Rfd8 23. h3 Bb3 24. Rd2 Rd5 25. Bc2 Rxd2 26. Bxb3 Rxb2 27. Bd1 Rxc3
28. Re1 Rxa3 29. Bf3 Rab3 30. Rc1 Rb1 31. Rxb1 Rxb1+ 32. Kh2 b4 33. Bc7 b3 34.
Bb7 b2 35. Bxa6 Rh1+ 36. Kxh1 b1=Q+ 37. Kh2 Qa2 38. Bd3 Qxf2 39. Bg3 Qd4 40. Bf1
Be5 41. Bxe5 Qxe5+ 42. Kg1 Qe1 43. h4 gxh4 44. g3 hxg3 45. Kg2 Qf2+ 46. Kh1 Qh2#
0-1

[Event "OGOLNOPOLSKA OLIMPIADA MLODZIEZY<br/>MISTRZOSTWA POLSKI JUNIOROW 2016 - D12"]
[Site "Olecko"]
[Date "2016-05-07"]
[Round "5.11"]
[White "Lukasik, Zuzanna"]
[Black "Bugaj, Hanna"]
[Result "1-0"]
[WhiteTitle "II+"]
[BlackTitle "II"]
[WhiteElo "1322"]
[BlackElo "1417"]

1. e4 e6 2. d4 d5 3. Nd2 Ne7 4. Ngf3 Nbc6 5. Be2 Bd7 6. exd5 exd5 7. Nb3 Ng6 8.
Be3 Be6 9. c3 Bd6 10. Qd2 Qd7 11. Nc1 O-O-O 12. b4 Rdf8 13. a4 f5 14. Qb2 Nf4
15. Bxf4 Bxf4 16. Nd3 Bd6 17. Nc1 Rhg8 18. a5 g5 19. b5 Nd8 20. b6 a6 21. bxc7
Bxc7 22. Nd3 Re8 23. Nfe5 Bxe5 24. Nxe5 Qd6 25. O-O h5 26. Rfc1 Nc6 27. Rcb1 Re7
28. Bxa6 Nxa5 29. Rxa5 bxa6 30. Rxa6 Qc7 31. Ra8+ Qb8 32. Qxb8# 1-0

[Event "OGOLNOPOLSKA OLIMPIADA MLODZIEZY<br/>MISTRZOSTWA POLSKI JUNIOROW 2016 - D12"]
[Site "Olecko"]
[Date "2016-05-07"]
[Round "5.12"]
[White "Trzaskowska, Hanna"]
[Black "Szewc, Dobromila"]
[Result "1-0"]
[WhiteTitle "I"]
[BlackTitle "II"]
[WhiteElo "1390"]
[BlackElo "1066"]

1. e4 e5 2. Nf3 Nc6 3. Bc4 Nf6 4. d3 Bc5 5. c3 d6 6. Nbd2 Bg4 7. h3 Bh5 8. O-O
d5 9. Bb5 a6 10. Bxc6+ bxc6 11. g4 dxe4 12. Nxe4 Nxe4 13. dxe4 Bg6 14. Nxe5 Bxe4
15. Qxd8+ Rxd8 16. Re1 Rd6 17. Rxe4 Re6 18. Re1 f6 19. Nd3 Rxe1+ 20. Nxe1 O-O
21. Bf4 Rc8 22. Nd3 Bb6 23. Nb4 Re8 24. Kf1 Re4 25. Bg3 g5 26. Re1 Rc4 27. Re6
c5 28. Nd5 Ra4 29. a3 Ra5 30. Nxb6 cxb6 31. Rxb6 Kg7 32. Bc7 Ra4 33. Bd6 c4 34.
Bb4 a5 35. Be7 Kg6 36. Rxf6+ Kg7 37. Rf5 h6 38. Bd8 Kg6 39. Rxa5 Rxa5 40. Bxa5
h5 41. Bd8 Kh6 42. a4 Kg6 43. a5 Kh6 44. a6 Kg6 45. a7 Kh6 46. a8=Q hxg4 47. hxg4
Kg6 48. Qa6+ Kg7 49. Qf6+ Kh7 50. Qxg5 Kh8 51. Bf6+ Kh7 52. Qg7# 1-0

[Event "OGOLNOPOLSKA OLIMPIADA MLODZIEZY<br/>MISTRZOSTWA POLSKI JUNIOROW 2016 - D12"]
[Site "Olecko"]
[Date "2016-05-07"]
[Round "5.13"]
[White "Sloniewska, Alicja"]
[Black "Szczypawka, Aleksandra"]
[Result "1/2-1/2"]
[WhiteTitle "II"]
[BlackTitle "I"]
[WhiteElo "1097"]
[BlackElo "1378"]

1. d4 f5 2. c4 Nf6 3. Nc3 g6 4. Nf3 Bg7 5. Bf4 d6 6. e3 O-O 7. Be2 Qe8 8. h3 c6
9. O-O Nbd7 10. d5 Nb6 11. Rc1 Qf7 12. Ng5 Qe8 13. Qd3 h6 14. Nf3 e5 15. dxe6
Bxe6 16. b3 d5 17. cxd5 Nfxd5 18. Be5 Nf6 19. Qc2 Rd8 20. Rcd1 Nbd5 21. Nxd5 Bxd5
22. Qb2 Qe7 23. Bd4 Ne4 24. Bxg7 Qxg7 25. Qxg7+ Kxg7 26. Rd3 Be6 27. Rfd1 Rd5
28. Nd4 Bf7 29. Bf3 Rfd8 30. b4 R8d6 31. Kf1 c5 32. bxc5 Rd7 33. h4 Kf6 34. Rc1
Rxc5 35. Rxc5 Nxc5 36. Rc3 Ne4 37. Bxe4 fxe4 38. Ra3 a6 39. Ra5 Rd5 40. Ra4 Rc5
41. Ke2 Ke5 42. Kd2 Kd5 43. g3 Be8 44. Rb4 b5 45. Nb3 Rc4 46. Rxc4 Kxc4 47. Kc2
Bf7 48. Nd4 a5 49. Nc6 Kc5 50. Nxa5 Bxa2 51. Nb7+ Kb6 52. Nd6 Be6 53. Kc3 Bd5
54. Kb4 Bc6 55. Nf7 h5 56. Ng5 Kc7 57. Ne6+ Kb6 58. Nf8 Be8 59. Ne6 Kc6 60. Nd4+
Kb6 61. Ne6 Bf7 62. Nd4 Bc4 63. Nc2 Bd3 64. Nd4 Bf1 65. Ne6 Kc6 66. Nd4+ Kb6 67.
Ne6 Bc4 68. Nc5 Bd5 69. Nd7+ Ka6 70. Ne5 Kb6 71. Nxg6 Bc4 72. Nf8 Kc7 73. Nh7
Kd6 74. Nf6 Ke5 75. Nh7 Kf5 76. Ng5 Bd3 77. Kc3 Kg4 78. Kb3 Kf5 79. Nh3 Kg4 80.
Ng1 Kf5 81. Kc3 Kg4 82. Kb3 Bc4+ 83. Kc2 Kf5 84. Kd2 Kg4 85. Kd1 b4 86. Kc2 b3+
87. Kb2 Kf5 88. Nh3 Kg4 89. Ng5 Kf5 90. Kc1 Bd3 91. Kb2 Bc4 92. Ka1 Bd3 93. Nh7
Kg6 94. Nf8+ Kf5 95. Nh7 Kg6 96. Ng5 Kf5 97. Kb2 Bc4 98. Nh3 Kg4 99. Ng1 Kf5 100.
Kc3 Bd5 101. Kd2 Bc4 102. Kc1 Kg4 103. Kb2 Kf5 104. Kc3 Kg4 1/2-1/2

[Event "OGOLNOPOLSKA OLIMPIADA MLODZIEZY<br/>MISTRZOSTWA POLSKI JUNIOROW 2016 - D12"]
[Site "Olecko"]
[Date "2016-05-07"]
[Round "5.14"]
[White "Wawrzyniak, Weronika"]
[Black "Libura, Julianna"]
[Result "1-0"]
[WhiteTitle "I"]
[BlackTitle "I"]
[WhiteElo "1358"]
[BlackElo "1266"]

1. e4 c5 2. Nf3 a6 3. d4 cxd4 4. Nxd4 Nf6 5. Bd3 e5 6. Nb3 d5 7. exd5 Nxd5 8. Be4
Be6 9. c4 Bb4+ 10. Bd2 Bxd2+ 11. Qxd2 Nf6 12. Qxd8+ Kxd8 13. Bd3 Ke7 14. N1d2
Rd8 15. Be2 Nc6 16. O-O b6 17. Rfd1 Rac8 18. a3 Nd4 19. Nxd4 exd4 20. Rac1 Bf5
21. Nf3 d3 22. Bf1 b5 23. Nd2 Kf8 24. f3 Nd7 25. b4 Ne5 26. c5 Rc6 27. Kf2 f6
28. h3 h5 29. g4 hxg4 30. fxg4 Be6 31. Bg2 Bd5 32. Bxd5 Rxd5 33. Rc3 Rc7 34. Nf3
Rcd7 35. Nxe5 fxe5 36. Ke3 d2 37. c6 Rc7 38. Rxd2 Rxd2 39. Kxd2 Ke7 40. Ke3 Kd6
41. Ke4 Ke6 42. h4 g6 43. Rc5 Kd6 44. Rd5+ Kxc6 45. Rc5+ Kb6 46. Rxc7 Kxc7 47.
Kxe5 1-0

[Event "OGOLNOPOLSKA OLIMPIADA MLODZIEZY<br/>MISTRZOSTWA POLSKI JUNIOROW 2016 - D12"]
[Site "Olecko"]
[Date "2016-05-07"]
[Round "5.15"]
[White "Krzyzosiak, Marta"]
[Black "Jedrzejko, Martyna"]
[Result "1-0"]
[WhiteTitle "II"]
[BlackTitle "II+"]
[WhiteElo "1345"]
[BlackElo "1257"]

1. e4 c5 2. Nf3 Nc6 3. d4 cxd4 4. Nxd4 Nf6 5. Nc3 e5 6. Ndb5 d6 7. Bg5 a6 8. Na3
b5 9. Bxf6 gxf6 10. Nd5 f5 11. exf5 Bxf5 12. Bd3 Be6 13. Be4 Rc8 14. c3 Bg7 15.
Nc2 O-O 16. O-O f5 17. Bf3 e4 18. Be2 Kh8 19. Ndb4 Nxb4 20. Nxb4 Ra8 21. a4 bxa4
22. Rxa4 a5 23. Nd5 Qb8 24. b4 Qb7 25. Nf4 Qd7 26. Nxe6 Qxe6 27. Rxa5 Bxc3 28.
Rxa8 Rxa8 29. Qc2 Bf6 30. f3 e3 31. b5 Rc8 32. Qa4 d5 33. Rb1 Rb8 34. b6 Qd6 35.
b7 Qc7 36. Qa8 d4 37. Qa6 Be5 38. h3 Qc2 39. Qd3 Qc7 40. Qxf5 Bh2+ 41. Kh1 Be5
42. Ba6 e2 43. Bxe2 Rxb7 44. Qf8# 1-0

[Event "OGOLNOPOLSKA OLIMPIADA MLODZIEZY<br/>MISTRZOSTWA POLSKI JUNIOROW 2016 - D12"]
[Site "Olecko"]
[Date "2016-05-07"]
[Round "5.16"]
[White "Gebal, Katarzyna"]
[Black "Pawlak, Emilia"]
[Result "1/2-1/2"]
[WhiteTitle "II"]
[BlackTitle "II"]
[WhiteElo "1252"]
[BlackElo "1196"]

1. c4 Nf6 2. b3 g6 3. Bb2 Bg7 4. d3 O-O 5. Nc3 c6 6. e3 d5 7. d4 e6 8. Nf3 Nbd7
9. Be2 a6 10. a4 Ne4 11. Nxe4 dxe4 12. Nd2 f5 13. Qc2 Nf6 14. O-O g5 15. f3 exf3
16. Rxf3 h5 17. Rff1 h4 18. e4 f4 19. e5 Nd7 20. Ba3 c5 21. dxc5 Nxe5 22. Rad1
Qc7 23. Nf3 Nxf3+ 24. Bxf3 Qf7 25. c6 Re8 26. Qe2 Qc7 27. Bh5 Rd8 28. Rxd8+ Qxd8
29. cxb7 Qb6+ 30. Kh1 Qxb7 31. Bf3 Qxb3 32. Bxa8 Qxa3 33. Qd2 Qf8 34. Rd1 Bf6
35. Qd3 Kg7 36. Bc6 g4 37. Bb7 Bxb7 38. Qd7+ Qe7 39. Qxe7+ Bxe7 40. Rd7 Bxg2+
41. Kxg2 Kf6 42. Rd1 Bc5 43. Re1 Kf5 44. Rf1 e5 45. Rd1 Bd4 46. Rc1 Ke6 47. c5
Be3 48. Rc3 Bxc5 49. Rxc5 e4 50. Kf1 f3 1/2-1/2

[Event "OGOLNOPOLSKA OLIMPIADA MLODZIEZY<br/>MISTRZOSTWA POLSKI JUNIOROW 2016 - D12"]
[Site "Olecko"]
[Date "2016-05-07"]
[Round "5.17"]
[White "Jacek, Nikola"]
[Black "Kroliczek, Gabriela"]
[Result "0-1"]
[WhiteTitle "I"]
[BlackTitle "I"]
[WhiteElo "1233"]
[BlackElo "1357"]

1. e4 e5 2. Nf3 Nc6 3. Nc3 Nf6 4. d4 exd4 5. Nxd4 Bc5 6. Nxc6 bxc6 7. Bd3 O-O 8.
O-O Re8 9. Bg5 h6 10. Bh4 Bd4 11. Qf3 d6 12. Rfe1 g5 13. Bg3 Bg4 14. Bb5 Bxf3
15. Bxc6 Bh5 16. Bxe8 Qxe8 17. Kh1 Be5 18. f3 Bxg3 19. hxg3 Qe5 20. g4 Bxg4 21.
fxg4 Nxg4 22. Kg1 Qh2+ 23. Kf1 Qh1+ 24. Ke2 Qxg2+ 25. Kd1 Qg3 26. Ne2 Ne3+ 27.
Kd2 Nc4+ 28. Kc1 Qxe1# 0-1

[Event "OGOLNOPOLSKA OLIMPIADA MLODZIEZY<br/>MISTRZOSTWA POLSKI JUNIOROW 2016 - D12"]
[Site "Olecko"]
[Date "2016-05-07"]
[Round "5.18"]
[White "Sokol, Maria"]
[Black "Matyjasek, Michalina"]
[Result "1/2-1/2"]
[WhiteTitle "II"]
[BlackTitle "II"]
[WhiteElo "1175"]
[BlackElo "1263"]

1. e4 c5 2. Nf3 Nc6 3. d4 cxd4 4. Nxd4 g6 5. c4 Bg7 6. Be3 Nf6 7. Nc3 Ng4 8. Nxc6
Nxe3 9. Nxd8 Nxd1 10. Nxd1 Kxd8 11. Rc1 d6 12. Bd3 Be6 13. b3 Kd7 14. Rc2 Rhd8
15. Nc3 a6 16. Nd5 Rab8 17. h4 b5 18. h5 Rdc8 19. hxg6 hxg6 20. Kd2 Ke8 21. cxb5
Rxc2+ 22. Kxc2 Bxd5 23. exd5 axb5 24. Kb1 b4 25. Rc1 Kd7 26. Rh1 Rh8 27. Bb5+
Kc7 28. Rc1+ Kb6 29. Bc4 Rh2 30. Bf1 Bc3 31. Kc2 Kc5 32. Rd1 Bd4 33. Rd2 Kxd5
34. Bc4+ Kc5 35. Bxf7 Rxg2 36. f4 Rg4 37. Re2 e5 38. fxe5 dxe5 39. Be6 Rf4 40.
Kd3 g5 41. Rg2 e4+ 42. Ke2 1/2-1/2

[Event "OGOLNOPOLSKA OLIMPIADA MLODZIEZY<br/>MISTRZOSTWA POLSKI JUNIOROW 2016 - D12"]
[Site "Olecko"]
[Date "2016-05-07"]
[Round "5.19"]
[White "Szyszko, Aleksandra"]
[Black "Chojnowska, Karolina"]
[Result "0-1"]
[WhiteTitle "II"]
[BlackTitle "II"]
[WhiteElo "1254"]
[BlackElo "1146"]

1. e4 e6 2. d4 d5 3. Nc3 Bb4 4. Bd3 Nf6 5. e5 Nfd7 6. Bd2 Nc6 7. Nf3 f6 8. Bf4
O-O 9. O-O g5 10. Bg3 f5 11. h3 Kf7 12. Qd2 Rg8 13. Rfe1 Nf8 14. a3 Bxc3 15. bxc3
Qe7 16. c4 dxc4 17. Bxc4 b6 18. d5 Na5 19. Ba2 Bb7 20. d6 Qd8 21. dxc7 Qxd2 22.
Nxd2 Rc8 23. Nb3 Nxb3 24. cxb3 Rxc7 25. Rac1 Rd7 26. f4 g4 27. h4 Kg6 28. Red1
Rgg7 29. Rd6 Rxd6 30. exd6 Rd7 31. Rd1 Bd5 32. Rc1 Rxd6 33. Bf2 Rc6 34. Rxc6 Bxc6
35. b4 Bd5 36. Bxd5 exd5 37. g3 Nd7 38. Bd4 Kf7 39. Kf2 Ke6 40. Ke3 a6 41. Kd3
h5 42. Kc3 Kd6 43. Kb3 b5 44. a4 Kc6 45. axb5+ axb5 46. Kc3 Kd6 47. Be3 Nf6 48.
Bc5+ Ke6 49. Bg1 Ne4+ 50. Kd4 Nxg3 51. Bf2 Ne4 52. Be1 Kd6 53. Ke3 d4+ 54. Kxd4
g3 55. Bxg3 Nxg3 56. Ke3 Kd5 57. Kd3 Ne4 58. Ke3 Kc4 59. Ke2 Kxb4 60. Kd3 Ka3
61. Kc2 Ka2 62. Kc1 b4 63. Kc2 b3+ 0-1

[Event "OGOLNOPOLSKA OLIMPIADA MLODZIEZY<br/>MISTRZOSTWA POLSKI JUNIOROW 2016 - D12"]
[Site "Olecko"]
[Date "2016-05-07"]
[Round "5.20"]
[White "Tomaszek, Katarzyna"]
[Black "Majczyna, Patrycja"]
[Result "1-0"]
[WhiteTitle "II"]
[BlackTitle "II+"]
[WhiteElo "1134"]
[BlackElo "1205"]

1. e4 e5 2. Nf3 Nc6 3. Bc4 Bc5 4. b4 Bxb4 5. c3 Bc5 6. d4 exd4 7. cxd4 Bb4+ 8.
Kf1 Na5 9. Bd3 Nf6 10. Bg5 Be7 11. Qd2 b6 12. Nc3 Bb7 13. Rc1 h6 14. Bf4 c5 15.
d5 c4 16. Be2 Bc5 17. Qc2 O-O 18. Nb5 a6 19. Nd6 Qe7 20. Nxb7 Nxb7 21. Bxc4 Qxe4
22. Qxe4 Nxe4 23. Rc2 Rfe8 24. g3 b5 25. Bd3 g5 26. Be5 g4 27. Bxe4 gxf3 28. d6
Rxe5 29. Bxb7 Rae8 30. Bxf3 Re1+ 31. Kg2 Rxh1 32. Kxh1 Bxd6 33. Rd2 Bc5 34. Rxd7
Bxf2 35. Bd5 Kh8 36. Rxf7 Be3 37. Kg2 Bc5 38. Kh3 Re5 39. Bb3 a5 40. g4 Re3+ 41.
Kh4 Re2 42. h3 a4 43. Bd5 Rd2 44. Be6 Rd3 45. Bd7 Ra3 46. Be6 b4 47. Kh5 Rxh3+
48. Kg6 Re3 49. Rh7# 1-0

[Event "OGOLNOPOLSKA OLIMPIADA MLODZIEZY<br/>MISTRZOSTWA POLSKI JUNIOROW 2016 - D12"]
[Site "Olecko"]
[Date "2016-05-07"]
[Round "5.21"]
[White "Czerwinska, Oliwia"]
[Black "Lewandowska, Weronika"]
[Result "0-1"]
[WhiteTitle "II"]
[BlackTitle "I"]
[WhiteElo "1203"]
[BlackElo "1110"]

1. e4 e6 2. d4 d5 3. e5 c5 4. c3 Nc6 5. Nf3 Qb6 6. a3 a5 7. Be2 cxd4 8. cxd4 Nge7
9. b3 Nf5 10. Bb2 Be7 11. O-O O-O 12. Re1 Bd7 13. Qd3 Rac8 14. Nbd2 Na7 15. a4
Nc6 16. Bc3 Bb4 17. Bxb4 Nxb4 18. Qb1 Nc2 19. Rd1 Nxa1 20. Qxa1 Qb4 21. Qb2 Qc3
22. Qxc3 Rxc3 23. h3 Rfc8 24. Kh2 Rc1 25. Rxc1 Rxc1 26. g4 Ne7 27. Bd3 Rc3 28.
Bb1 b5 29. axb5 Bxb5 30. Ng5 h6 31. Ngf3 Bd3 32. Bxd3 Rxd3 33. Kg2 Nc6 34. Kf1
Nxd4 35. Nxd4 Rxd4 36. Ke2 Kf8 37. Ke3 Rb4 38. Kd3 Ke7 39. f3 Kd7 40. Kc3 Kc6
41. Kd3 Kb5 42. Kc3 a4 43. bxa4+ Kxa4 44. Kd3 Kb5 45. Kc3 Kc5 46. Kd3 Rd4+ 47.
Kc3 Rxd2 48. Kxd2 Kd4 49. Ke2 Kc3 50. Kd1 Kd3 51. f4 Ke4 52. Ke2 Kxf4 53. Kf2
Kxe5 54. Ke3 d4+ 55. Kd3 Kf4 56. Kxd4 e5+ 57. Kd3 Kf3 58. Kd2 e4 59. Ke1 Ke3 60.
h4 g5 61. hxg5 hxg5 62. Kf1 Kd2 63. Kf2 e3+ 64. Kf1 e2+ 65. Kg2 e1=Q 66. Kf3 Kd3
67. Kg2 Qe3 68. Kh2 Ke4 69. Kg2 Kf4 70. Kf1 Qd2 71. Kg1 Kg3 72. Kh1 Qh2# 0-1

[Event "OGOLNOPOLSKA OLIMPIADA MLODZIEZY<br/>MISTRZOSTWA POLSKI JUNIOROW 2016 - D12"]
[Site "Olecko"]
[Date "2016-05-07"]
[Round "6.1"]
[White "Slusarczyk, Milena"]
[Black "Marcinczyk, Monika"]
[Result "1/2-1/2"]
[WhiteTitle "I"]
[BlackTitle "I"]
[WhiteElo "1372"]
[BlackElo "1617"]

1. e4 e6 2. d4 d5 3. Nd2 Nf6 4. e5 Nfd7 5. c3 c5 6. Bd3 Nc6 7. Ndf3 cxd4 8. cxd4
Bb4+ 9. Bd2 Qb6 10. Ne2 O-O 11. O-O f6 12. exf6 Nxf6 13. Bc3 Bd7 14. Qc2 Rac8
15. a3 Bd6 16. Qd2 Qc7 17. Rac1 Nh5 18. Qc2 h6 19. h3 Nf4 20. Nxf4 Bxf4 21. Rce1
Qd8 22. Qb3 Rc7 23. Re2 Bc8 24. Rfe1 Bd6 25. Bb1 Qf6 26. Qc2 Ne7 27. Ne5 Bxe5
28. Qh7+ Kf7 29. dxe5 Qh4 30. Bb4 Qg5 31. Re3 Ke8 32. Rg3 Qf4 33. Bg6+ Nxg6 34.
Qxg6+ Rff7 35. Rf3 Qg5 36. Qxg5 hxg5 37. Rxf7 Kxf7 38. Bc3 Rc4 39. Rd1 g4 40.
Rd4 gxh3 41. gxh3 Rxd4 42. Bxd4 b6 43. b4 Bd7 44. Kg2 Kg6 45. Kg3 Kf5 46. Kf3
Bc6 47. Ke3 Kg5 48. Kf3 Kh4 49. Kg2 Be8 50. f3 Bg6 51. Bf2+ Kg5 52. Kg3 Kf5 53.
Bd4 Be8 54. Bc3 Kg6 55. Kg4 Ba4 56. h4 Bc2 57. h5+ Kf7 58. Kg5 Ke7 59. h6 gxh6+
60. Kxh6 Kd7 61. Kg7 Kc6 62. Kf6 Bf5 63. a4 Kd7 64. b5 Bc2 65. a5 bxa5 66. Bxa5
Bd3 67. b6 axb6 68. Bxb6 Bf5 69. Bd4 Kc6 70. Kg5 Kb5 71. Kf4 Kc4 72. Ke3 Bh3 73.
f4 Bf5 74. Ba7 1/2-1/2

[Event "OGOLNOPOLSKA OLIMPIADA MLODZIEZY<br/>MISTRZOSTWA POLSKI JUNIOROW 2016 - D12"]
[Site "Olecko"]
[Date "2016-05-07"]
[Round "6.2"]
[White "Dylag, Emilia"]
[Black "Hertlein, Irena"]
[Result "1/2-1/2"]
[WhiteTitle "I"]
[BlackTitle "I"]
[WhiteElo "1768"]
[BlackElo "1397"]

1. e4 d5 2. exd5 Qxd5 3. Nc3 Qd6 4. d4 Nf6 5. Nf3 c6 6. g3 Bg4 7. Bg2 e6 8. O-O
Nbd7 9. Bf4 Qb4 10. a3 Qxb2 11. Qd2 Qb6 12. Rfb1 Qa6 13. Bf1 Qa5 14. Nb5 Qxd2
15. Nc7+ Kd8 16. Nxd2 Rc8 17. Rxb7 Nh5 18. Na6 Nxf4 19. gxf4 Bd6 20. Rxa7 Bxf4
21. Nb3 h5 22. Bg2 Rh6 23. h3 Bf5 24. c4 g5 25. Na5 e5 26. d5 cxd5 27. cxd5 e4
28. Nc6+ Ke8 29. Re1 e3 30. fxe3 Bg3 31. Rf1 Bh7 32. e4 g4 33. Rb7 Bg6 34. a4
Rh7 35. a5 Rg7 36. Kh1 gxh3 37. Bf3 Bd6 38. Nab4 Nc5 39. Ra7 Nxe4 40. Re1 h2 41.
Bxe4 Bxe4+ 42. Rxe4+ Kf8 43. Re1 Bc5 44. Rae7 Bxe7 45. Rxe7 Rg4 46. Kxh2 Rxb4
1/2-1/2

[Event "OGOLNOPOLSKA OLIMPIADA MLODZIEZY<br/>MISTRZOSTWA POLSKI JUNIOROW 2016 - D12"]
[Site "Olecko"]
[Date "2016-05-07"]
[Round "6.3"]
[White "Mirowska, Oliwia"]
[Black "Wikar, Martyna"]
[Result "0-1"]
[WhiteTitle "I+"]
[BlackTitle "I+"]
[WhiteElo "1244"]
[BlackElo "1726"]

1. d4 d5 2. f4 Nf6 3. Nf3 Bf5 4. e3 e6 5. Bd3 Ne4 6. O-O Bd6 7. c3 O-O 8. Qc2 Nd7
9. Nbd2 Ndf6 10. Ne5 c5 11. c4 Rc8 12. Qb1 Qb6 13. Nxe4 dxe4 14. Bc2 cxd4 15.
Kh1 dxe3 16. Re1 Bc5 17. h3 Rfd8 18. g4 Bg6 19. Nxg6 hxg6 20. Bxe4 Rd4 21. Bg2
Rxf4 22. a3 a5 23. b3 Rf2 24. Ra2 Rd8 25. Rc2 Qd6 26. Ra2 Qg3 27. Rxf2 exf2 28.
Rf1 Bd6 29. Bf4 Bxf4 30. Rxf2 Qh2# 0-1

[Event "OGOLNOPOLSKA OLIMPIADA MLODZIEZY<br/>MISTRZOSTWA POLSKI JUNIOROW 2016 - D12"]
[Site "Olecko"]
[Date "2016-05-07"]
[Round "6.4"]
[White "Goraj, Barbara"]
[Black "Czarnecka, Lidia"]
[Result "1/2-1/2"]
[WhiteTitle "I"]
[BlackTitle "I"]
[WhiteElo "1605"]
[BlackElo "1512"]

1. e4 c5 2. Nf3 a6 3. c4 d6 4. d4 cxd4 5. Nxd4 Nf6 6. Nc3 g6 7. Be2 Bg7 8. Be3
Nc6 9. O-O O-O 10. Rc1 Nxd4 11. Bxd4 Be6 12. b3 Rc8 13. f3 Qa5 14. Qd2 Rfd8 15.
Rfd1 Nd7 16. Bxg7 Kxg7 17. Rc2 Nf6 18. Nd5 Qxd2 19. Rcxd2 Bxd5 20. exd5 Rc7 21.
Kf2 Nd7 22. g4 Rf8 23. Re1 Re8 24. Bf1 Ne5 25. g5 Kf8 26. f4 Nd7 27. Kg3 f5 28.
h4 Kf7 29. Kf2 Nc5 30. Bg2 Nd7 31. Rc1 b5 32. Rdc2 Rec8 33. Ke3 b4 34. Kd4 Nc5
35. Rb1 Ra8 36. a4 a5 37. Re2 Rac8 38. h5 Rh8 39. h6 Rd8 40. Bf3 Rdc8 41. Ree1
Rb8 1/2-1/2